000 00472nam a2200169 a 4500
001 000020231
005 20200929170326.0
008 100728s2006 dr 000 0 spa d
020 _a9945855166
040 _aDO-SdBNP
_bspa
_cBNPHU
082 _axxx
_bL864c
100 1 _aLópez, José Ramón
_92254
245 1 0 _aCaras y almas /
_cJosé Ramón López.
260 _aSanto Domingo :
_bEdiciones D Peralta Domínguez,
_c2006.
300 _a62 p. ;
_c18 cm.
049 _aBNPD
999 _c19736
_d19736